Extremum seeking through delays and PDEs / (Record no. 172469)
[ view plain ]
| 000 -LEADER | |
|---|---|
| fixed length control field | 00981cam a22002897i 4500 |
| 001 - CONTROL NUMBER | |
| control field | 22826972 |
| 003 - CONTROL NUMBER IDENTIFIER | |
| control field | OSt |
| 005 - DATE AND TIME OF LATEST TRANSACTION | |
| control field | 20251014112133.0 |
| 008 - FIXED-LENGTH DATA ELEMENTS--GENERAL INFORMATION | |
| fixed length control field | 221012s2023 paua b 001 0 eng |
| 020 ## - INTERNATIONAL STANDARD BOOK NUMBER | |
| International Standard Book Number | 9781611977349 (hardback) |
| 040 ## - CATALOGING SOURCE | |
| Original cataloging agency | DLC |
| Language of cataloging | eng |
| Description conventions | rda |
| Transcribing agency | NUST |
| Modifying agency | NUST |
| 050 00 - LIBRARY OF CONGRESS CALL NUMBER | |
| Classification number | QA871 OLI |
| 100 1# - MAIN ENTRY--PERSONAL NAME | |
| Personal name | Oliveira, Tiago Roux, |
| Relator term | author. |
| 245 10 - TITLE STATEMENT | |
| Title | Extremum seeking through delays and PDEs / |
| Statement of responsibility, etc. | Tiago Roux Oliveira |
| 260 ## - PUBLICATION, DISTRIBUTION, ETC. | |
| Place of publication, distribution, etc. | Philadelphia : |
| Name of publisher, distributor, etc. | SIAM, |
| Date of publication, distribution, etc. | ©2023. |
| 300 ## - PHYSICAL DESCRIPTION | |
| Extent | xviii, 442 pages : |
| Other physical details | illustrations (some color) ; |
| Dimensions | 26 cm. |
| 336 ## - CONTENT TYPE | |
| Content type term | text |
| Content type code | txt |
| Source | rdacontent |
| 337 ## - MEDIA TYPE | |
| Media type term | unmediated |
| Media type code | n |
| Source | rdamedia |
| 338 ## - CARRIER TYPE | |
| Carrier type term | volume |
| Carrier type code | nc |
| Source | rdacarrier |
| 504 ## - BIBLIOGRAPHY, ETC. NOTE | |
| Bibliography, etc. note | Includes bibliographical references and index. |
| 650 #0 - SUBJECT ADDED ENTRY--TOPICAL TERM | |
| Topical term or geographic name entry element | Adaptive control systems. |
| 650 #0 - SUBJECT ADDED ENTRY--TOPICAL TERM | |
| Topical term or geographic name entry element | Mathematical optimization. |
| 650 #0 - SUBJECT ADDED ENTRY--TOPICAL TERM | |
| Topical term or geographic name entry element | Differential equations, Partial. |
| 650 #0 - SUBJECT ADDED ENTRY--TOPICAL TERM | |
| Topical term or geographic name entry element | Game theory. |
| 700 1# - ADDED ENTRY--PERSONAL NAME | |
| Personal name | Krstić, Miroslav, |
| Relator term | author. |
| 942 ## - ADDED ENTRY ELEMENTS (KOHA) | |
| Source of classification or shelving scheme | Library of Congress Classification |
| Suppress in OPAC | No |
| Koha item type | Reference Material |
| Classification part | QA871 OLI |
| Call number prefix | QA |
| Call number suffix | OLI |
| Withdrawn status | Lost status | Source of classification or shelving scheme | Damaged status | Not for loan | Collection | Home library | Current library | Shelving location | Date acquired | Source of acquisition | Cost, normal purchase price | Total Checkouts | Full call number | Barcode | Date last seen | Accession number | Cost, replacement price | Price effective from | Koha item type | Public note |
|---|---|---|---|---|---|---|---|---|---|---|---|---|---|---|---|---|---|---|---|---|
| LCC | NFIC | MAIN | MAIN | GEN | 10/14/2025 | Book Aid International | 60.00 | QA871 OLI | 92004055056 | 10/14/2025 | 61534 | 60.00 | 10/14/2025 | BOOKS | Donation |